[Event "ISR-chT"]
[Site "Israel"]
[Date "1999.04.23"]
[Round "9"]
[White "Avrukh, Boris"]
[Black "Smirin, Ilia"]
[Result "0-1"]
[WhiteElo "2603"]
[BlackElo "2652"]
[Annotator "Smirin,I"]
[PlyCount "70"]
[EventDate "1999.01.??"]
[EventType "team"]
[EventRounds "11"]
[EventCountry "ISR"]
[SourceTitle "CBM 070"]
[Source "ChessBase"]
[SourceDate "1999.06.08"]
[SourceVersion "1"]
[SourceVersionDate "1999.06.08"]
[SourceQuality "1"]

1. d4 {Tyomkin,D} Nf6 2. c4 g6 3. Nc3 Bg7 4. e4 d6 5. h3 Nbd7 6. Bd3 O-O 7. Bg5
c5 8. Nf3 $146 {Completely new way to play this opening.After 8.d5 Ne5 black
forces white to exchange the bishop-d3,which is very importent piece for white
in that structure.After that exchange all breaks on the queenside(b7-b5)become
much stronger.white can not keep this bishop by 9.Be2 because of 9...b5! and
black gets very strong initiative.} (8. d5 Ne5 9. Nf3 (9. Be2 $6 b5 $1 $36 10.
cxb5 a6 11. bxa6 Qa5 12. Bd2 Bxa6 {Black gets good edition of Volga Gambit.}
13. Qc2 Rfb8 14. Rb1 Nfd7 15. f4 Nc4 {0-1 Pinter,J-Tkachiev,V/Porec CRO 1998 
(23)}) 9... Nxd3+ 10. Qxd3 a6 {Fritz5: Überdeckt b5} (10... h6 $6 11. Be3 e5
12. dxe6 Bxe6 13. O-O Qb6 14. b3 Rfe8 15. Rad1 Rad8 16. Rfe1 $14 {1-0
Christiansen,L-Rey,G/San Francisco 1998/CBM 66 (75)}) 11. a4 e6 (11... Nh5 $5
12. O-O h6 13. Bd2 (13. Be3 f5 14. exf5 Bxf5 15. Qe2 Bd7 16. Rfe1 Nf4 17. Bxf4
Rxf4 $132 {0-1 Beliavsky,A-Smirin,I/Belgrade YUG 1998 (32)}) 13... e6 14. dxe6
Bxe6 15. Nd5 Re8 16. Rad1 Bxd5 17. exd5 Qd7 18. b3 b5 19. axb5 axb5 20. cxb5
Rab8 21. b4 Rxb5 {1/2-1/2 Mikhalevski,A-Smirin,I/Invitational, Rishon LeZion
ISR 1998 (21)}) 12. dxe6 (12. O-O h6 13. Be3 e5 $5 14. a5 Nh5 15. Qd2 Kh7 16.
g4 Nf6 17. Ne1 Nxe4 $5 18. Nxe4 f5 $132 {1-0 Avrukh,B-Krakops,M/Groningen 1995
(42)}) 12... Bxe6 13. O-O h6 14. Bf4 Qb6 (14... Ne8 15. Nd5 f5 16. exf5 Rxf5
17. g4 $5 Rf7 18. Ra3 g5 19. Bg3 b5 20. Nd2 $14 {1-0 Mikhalevski,A-Milov,V/
ISR-chT Beer-Sheva"B"-Kfar-Saba"A" 1998 (40)}) 15. a5 Qc6 16. Nd5 Bxd5 17. cxd5
$14 {1-0 Bareev,E-Svidler,P/Elista 1997/CBM 59 (39)}) 8... cxd4 9. Nxd4 Qa5 10.
Bd2 (10. Qd2 Nxe4 $5 11. Nxe4 Qxd2+ 12. Kxd2 Bxd4 13. Bxe7 Re8 14. Bxd6 Bxb2
15. Rab1 Bg7 {[%cal Gb7b6,Yc8b7]}) (10. Nf3 $11) 10... Ne5 (10... Qb6 11. Be3 (
11. Nb3 Ne5 12. Be2 Be6 $132) 11... Qxb2 12. Na4 Qb4+ 13. Bd2 Qa3 14. Bc1 $11)
11. Be2 Qc5 (11... Nxc4 $4 12. Bxc4 Qc5 13. Qa4 $1 $18 {[%cal Yc4f7]}) (11...
Qb6 12. Be3 Qxb2 $140 $4 13. Na4 Qa3 14. Nb5 Qb4+ 15. Bd2 {[%csl Rb4] cathing
the queen.}) 12. Nb3 Qc6 {Too ambitious.} (12... Qc7 $142 13. Nd5 Qd8) 13. Nd5
Nxd5 14. cxd5 $2 {Simply blundering the next square for black queen.} (14. exd5
Qa4 15. Bc3 b5 $5 16. cxb5 Qe4 17. O-O Bb7 18. f4 (18. Qd2 Qxd5 (18... Bxd5 $2
19. f3) 19. Qxd5 Bxd5 20. Rfd1 e6 $13) 18... Nd7 19. Bxg7 Kxg7 20. Bf3 Qxf4 21.
Na5 Qe3+ 22. Kh1 Qb6 $14) 14... Qa4 $1 15. O-O $5 {The best.White sacrifices a
pawn with hope to finish development succcesfuly using the black queen.} (15.
f3 f5 16. exf5 $140 Qh4+) 15... Qxe4 16. Bc3 g5 $1 {[%cal Ge4g6] getting more
spaece for the queen.} 17. Re1 Qg6 18. Nd4 f5 19. Bf1 (19. Nf3 Nxf3+ 20. Bxf3
g4 {[%csl Rg1]}) 19... f4 $6 {weekening light squares on the lingside,
especially g4-square.} (19... g4 $2 20. f4) (19... Bd7 $142) 20. Be2 Bd7 21.
Nf3 (21. Bg4 $5) 21... Nxf3+ 22. Bxf3 Bxc3 23. bxc3 {[%csl Re7,Rg4] Black
still has the pawn up,but black's pawn structure is broken which lets white to
get a counterplay.} Qf6 24. Rb1 (24. Qe2 Rf7 25. Rab1 b6 26. Qa6) 24... b6 25.
Qe2 (25. Bg4 $142 Rad8 $15) 25... Bf5 26. Rb4 (26. Rb3 $142 {[%csl Gc3]}) 26...
Rac8 27. Qxe7 Rxc3 28. Bh5 (28. Qxa7 Rxf3 $1 {using awkward positions of white
rooks.} 29. gxf3 Qc3 30. Rbe4 Bxe4 31. Rxe4 Qxf3 32. Re7 Qxh3 $19) 28... Qxe7
29. Rxe7 Rc1+ 30. Kh2 Rf1 $1 (30... Rfc8 31. Rf7 Bd3 32. Rxa7) 31. Rc4 {
[%cal Gc4c7]} (31. Rxa7 Rc8 32. Rxb6 Rcc1 33. Rb8+ Bc8 34. g3 Rxf2#) 31... Rxf2
32. Rxa7 {It lets black to finish the game by nice tactical blow.} (32. Rcc7
Rxa2) {[%tqu "En","Find the best way to the win for black.","","","f4f3","",10]
} 32... f3 $1 33. Bxf3 Bd3 34. Rc3 R8xf3 35. Kg1 Rc2 $1 {and the last tactical
trick in this game forces white to resign at once.} (35... Rc2 36. Rxc2 Rf1+
37. Kh2 Bxc2) 0-1

[Event "Pula zt 1.2"]
[Site "Pula"]
[Date "2000.04.19"]
[Round "8"]
[White "Avrukh, Boris"]
[Black "Mohr, Georg"]
[Result "1/2-1/2"]
[WhiteElo "2620"]
[BlackElo "2488"]
[Annotator "Hazai,L"]
[PlyCount "102"]
[EventDate "2000.04.11"]
[EventType "swiss"]
[EventRounds "11"]
[EventCountry "CRO"]
[SourceTitle "CBM 077"]
[Source "ChessBase"]
[SourceDate "2000.07.27"]
[SourceVersion "1"]
[SourceVersionDate "2000.07.27"]
[SourceQuality "1"]

1. d4 Nf6 2. c4 g6 3. Nc3 Bg7 4. e4 d6 5. h3 O-O 6. Bg5 Qe8 (6... Na6 7. Bd3 e5
8. d5 Qe8 {transposes to the game continuation.}) 7. Bd3 (7. Nf3 $5 e5) 7... e5
8. d5 Na6 9. g4 (9. Nge2 {- Psakhis-G. Mohr, Dresden zt CBM 65}) 9... Kh8 {
The idea is Ng8.} (9... Nd7 {The plan is Ndc5 and f5 and sometimes Nb4.} 10. a3
{White wants to keep the black knights as passive as possible.} (10. Nge2 {
allows Black to realize his plan.} Ndc5 11. Bc2 (11. Bb1 {The B is rather
offside here.} f5 $132) (11. Ng3 {is no real defence against f7-f5.} f5 $1 12.
gxf5 gxf5 13. Bb1 (13. exf5 e4 $1 $36 {This is the main idea here!}) 13... Qg6
14. Be7 Rf7 15. exf5 Qh6 16. f6 Bxf6 17. Bxf6 Rxf6 18. a3 Qf4 19. Nce4 Nxe4 20.
Nxe4 Rh6 $13 {and Black has a pressure on the dark squares, Chernin-Tratar,
Feldbach op 1997.}) 11... f5 12. f3 $1 {Soln-Bukic, Ljubljana 1997 CBM 58 ext}
(12. gxf5 {opens up the position only for Black.} gxf5 13. Ng3 Qg6 14. h4 f4 $1
15. Nf5 Bxf5 16. exf5 Rxf5 $1 17. Bxf5 Qxf5 {Now the B is in a big trouble.}
18. Rg1 Kh8 19. Qg4 Qxg4 20. Rxg4 h6 $17 {Soln-Tratar, SLO-ch 1996})) (10. Nf3
{is again met by} f5 $1) 10... f5 11. b4 (11. exf5 {is again met by the
standard} e4 $1) 11... Nf6 (11... f4 12. Bh4 (12. f3 Bf6 {exchanging the
"King's Indian" B is good for Black.} 13. Bxf6 Nxf6 14. Nge2 c5 {Black closes
the << and can defend the vital >< c5 successfully.} 15. Rb1 Bd7 $11 {G.
Flear-Hebden, Hastings 1995}) 12... Bf6 13. Bxf6 Nxf6 14. Nf3 Qe7 $13 (14... c5
$6 {Here Black cannot close the position, as it was before.} 15. dxc6 $1 bxc6
16. c5 $1 dxc5 17. Bc4+ Kg7 18. Qa4 Nc7 19. g5 $16 {Bareev-Gallagher, BL
Germany 1999})) (11... Qf7 12. Ra2 c6 13. exf5 gxf5 14. Bxf5 Nb6 15. Be4 Nxc4
16. Qd3 $16 {V.Mikhalevski-Antonsen, Aarhus op 1997}) (11... fxe4 12. Nxe4 Nf6
13. Nf3 Nxe4 14. Bxe4 $14 {Ksieski-Howell, Liechtenstein op 1994}) 12. f3 c6 (
12... h5 $6 {forces White to solve the tension, but it also weakens his own
position.} 13. gxf5 gxf5 14. Nge2 h4 {against Ng3} 15. Rg1 Qh5 16. f4 Nxe4 17.
Bxe4 fxe4 18. fxe5 dxe5 19. Nxe4 Kh8 20. N2c3 Qh7 21. Qe2 Bf5 22. O-O-O $16 {
with a total control of the vital >< e4, where the P on e5 is a damaging piece,
Avrukh-G.Mohr, Ljubljana op 1998.}) 13. Qb3 cxd5 14. cxd5 Bd7 15. Bd2 Qe7 16.
O-O-O Nc7 17. Kb1 b5 18. Rc1 Rfb8 19. Nge2 a5 20. Rc2 Ra7 21. Be3 Ra6 $13 {
with a complex middlegame, Psakhis-Coleman, Monarch Assurance 1999.}) (9... c6
{is not that logical.} 10. Nge2 cxd5 11. cxd5 {Now Black has problems with the
light squares on the <<.} Nc5 12. Bb5 Bd7 13. Bxd7 {This is a favourable
exchange for White from strategical point of view.} Nfxd7 14. Ng3 {against f5.}
Nb8 15. b4 Nca6 16. a3 Nd7 17. O-O Nb6 18. Qd3 Qd7 19. Qb5 Qc8 20. Rac1 Nc7 21.
Qd3 $14 {Sotnikov-Gelman, Moscow RUS-chj 1995}) 10. Nge2 Ng8 11. Ng3 f6 (11...
f5 {here is not so good as in the previous lines.} 12. exf5 e4 13. Ncxe4 gxf5
14. gxf5 Bxf5 15. Be3 Bxe4 16. Nxe4 Nb4 17. Rg1 Qe5 18. a3 Nxd3+ 19. Qxd3 Rae8
20. Ng5 Rf5 21. Ne6 $16 {Bareev-Mozetic, Belgrade, 1993}) (11... Nb4 12. Bb1
Bh6 13. Bxh6 Nxh6 14. Qd2 Ng8 15. a3 {and the N has to retreat.} Na6 16. Bc2
$14 {P.Varga-B.Molnar, Cseppko op Aggtelek 1995}) 12. Be3 Bh6 {Black will
exhange the dark-squared B, after which he can successfully blockade the
position.} 13. Bxh6 Nxh6 14. Be2 (14. Qd2 Ng8 15. Nb5 Qe7 16. f3 c6 17. Nc3 Nb4
18. Bb1 cxd5 19. cxd5 a5 20. h4 Qd8 21. h5 g5 22. O-O Ne7 $11 {and White has a
bad B, Potapov-Isupov, RUS-chT Orel 1996.}) 14... Qe7 15. Qd2 Kg7 16. O-O-O Bd7
17. Rdg1 Nf7 {Black's >> is completely safe.} 18. h4 c5 {Now Black wants to
blockade the << as well.} (18... Nc5 {was also interesting with an active play,
for example:} 19. h5 g5 20. Nf5+ Bxf5 21. gxf5 c6 $11) 19. Nf1 (19. h5 g5 20.
Nf5+ Bxf5 21. gxf5 h6 (21... Nc7 22. h6+ $1 Kh8 23. Bh5 a6) 22. Rg2 Nc7 $11 {
and the position is almost completely closed.}) 19... Nc7 20. g5 fxg5 21. hxg5
Rab8 {Now Black is preparing his counterplay on the <<.} 22. Qe3 (22. Bg4 Bxg4
23. Rxg4 b5 24. Ne3 Rh8 $132 (24... Kh8)) 22... Rh8 (22... b5 {looks more
active.}) 23. Bg4 b5 24. Nd2 a6 25. b3 Rbf8 {The R belongs to the b <->.} (
25... Be8 $5 {keeps the good B.}) 26. Nd1 Na8 $2 {This is a time-consuming
manoeuvre.} (26... Bxg4 27. Rxg4 bxc4 28. bxc4 (28. Nxc4 Nb5 $132) 28... Rb8
$13 {was still playable for Black.}) 27. Qh3 $1 Bxg4 28. Qxg4 Nb6 29. Ne3 Nd8 {
[#]} (29... Qd7 $1 {was the persistant defence.} 30. Qh4 (30. Nf5+ $6 {doesn't
work here because of} gxf5 31. exf5 Rfg8) 30... bxc4 (30... a5 31. Ng4 $16) 31.
Ndxc4 Nxc4 32. Nxc4 a5 33. f4 a4 34. f5 $1 axb3 (34... gxf5 $2 {opens up the
lines against his own K.} 35. g6 hxg6 36. Rxg6+ $18) 35. f6+ Kg8 36. axb3 Qb5
37. Kc2 $14) 30. Nf5+ $1 $18 {[%mdl 512] This is a nice positional piece
sacrifice in order to paralyse Black's pieces.} gxf5 31. exf5 Qd7 (31... Qf7
32. f6+ Kg8 33. Ne4 $18) 32. f6+ Kg8 33. Qe4 (33. Qh4 $1 {was crisper} Qf7 (
33... Qf5 34. g6 $1) 34. g6 Qxf6 35. Qh5 $1 $18 (35. g7 $16)) 33... Rf7 (33...
bxc4 34. g6 Rxf6 35. Rxh7 $1 $18) 34. g6 Rxf6 35. g7 (35. Rxh7 $1 $18 {was
again better.}) 35... Qxg7 $1 36. Rxg7+ Kxg7 37. Qh4 Nf7 $16 {Black has a R, N
and P for the Q and at least the first wave of attack has been repelled.} (
37... bxc4 $2 38. Ne4 $1) 38. Ne4 Rh6 39. Qg3+ Rg6 40. Qd3 (40. Qh4 Rh6) (40.
Qc3 $5 b4 (40... bxc4 41. bxc4 Kf8 (41... h6 42. f4) 42. Qa5 $16) 41. Qh3 Kf8
42. Qf5 Kg7 43. f4 $16) 40... b4 41. Ng3 Nd7 42. f4 exf4 43. Nh5+ Kf8 44. Nxf4
Rf6 45. Ne6+ Ke7 46. Qg3 (46. Rxh7 $2 Nde5 47. Qh3 Rxh7 48. Qxh7 Rf1+ 49. Kd2
Rf2+ 50. Ke3 Ng4+ 51. Kd3 Nge5+ 52. Ke4 Rxa2 $11) 46... h5 47. Qg7 ({missing
the last chance after} 47. Ng7 $1 Nfe5 (47... Nde5 $2 48. Qh4 $1) (47... Rg8
48. Rg1) 48. Rxh5 (48. Qh4 Kf7) 48... Rf1+ 49. Kc2 Rxh5 50. Nxh5 Nf3 51. Nf4
Nd4+ 52. Kd2 Ne5 53. Qg7+ Nf7 54. Ng6+ $16) 47... Nde5 $1 {Now Black can build
up a real fortress.} 48. Qg3 Rhh6 49. Qh3 Rhg6 50. Rd1 Rf3 51. Qh4+ Ke8 1/2-1/2

[Event "Politiken Cup 22nd"]
[Site "Copenhagen"]
[Date "2000.07.25"]
[Round "8"]
[White "Psakhis, Lev"]
[Black "McShane, Luke J"]
[Result "1/2-1/2"]
[WhiteElo "2611"]
[BlackElo "2480"]
[Annotator "Psakhis,L"]
[PlyCount "89"]
[EventDate "2000.07.17"]
[EventType "swiss"]
[EventRounds "11"]
[EventCountry "DEN"]
[SourceTitle "CBM 077 Extra"]
[Source "ChessBase"]
[SourceDate "2000.09.14"]
[SourceVersion "1"]
[SourceVersionDate "2000.09.14"]
[SourceQuality "1"]

1. d4 Nf6 2. c4 g6 3. Nc3 Bg7 4. e4 d6 5. h3 O-O 6. Bg5 Na6 7. Bd3 e5 8. d5 c6
9. Nge2 Nc5 10. Bc2 cxd5 11. cxd5 a5 12. O-O Bd7 13. a3 a4 14. Kh1 Ra5 $5 $146
(14... Qb6 15. Rb1 Kh8 16. Ng3 (16. g4 Ng8 17. Ng3 Qa6 18. h4 Qc4 19. h5 Bh6
20. Bxh6 Nxh6 21. f3 f6 22. Qd2 Nf7 23. Kg2 Kg7 {1/2-1/2 Dreev,A-Fedorov,A/RUS
t-ch 1998/CBM 66/[King] (43)}) 16... Ng8 17. Be3 Qa5 18. Qd2 Qd8 19. f4 Qh4 20.
Qf2 Nh6 21. Nge2 Qxf2 22. Rxf2 f6 23. fxe5 fxe5 24. Rxf8+ Bxf8 25. Nc1 $1 $16 {
1-0 Psakhis,L-Mowsziszian,K/Balaguer op 1998/CBM 67/[Psakhis] (36)}) (14... h6
15. Be3 Qe7 16. Nc1 Rfc8 17. N1a2 Qe8 18. Qd2 Kh7 19. Rae1 Qe7 20. Qd1 Qe8 21.
g4 $14 {1/2-1/2 Psakhis,L-Peker,O/ISR t-ch 2000 (30)}) 15. Rb1 (15. Qd2 Bb5 $5)
15... Qc8 {[%cal Gd7h3]} 16. Kh2 Qb8 17. f3 Rc8 (17... b5 18. Na2 {[%cal Ga2b4]
}) 18. Be3 Be8 $5 {[%cal Gf6d7,Gd7b6,Gb6c4]} 19. g4 Qa8 (19... Nfd7 $2 20. Nxa4
) 20. h4 {[%csl Ra5,Ra8]} Nfd7 21. h5 Nb6 22. hxg6 fxg6 23. Qe1 (23. Bg5 $142
$5 Nc4 $140 24. Qe1 $40 {[%cal Ge1h4,Gf1h1]}) 23... Bf6 $5 (23... Nc4 24. Bg5)
24. g5 Bd8 25. f4 Nc4 26. Bc1 (26. Qf2 $5 $36) 26... exf4 27. Bxf4 Rc7 28. Nd4
Rf7 29. Nf5 $1 {[%mdl 640]} (29. Qg3 $5) 29... gxf5 30. exf5 $44 {[%csl Gc2,
Gf4,Gf5,Gg5][%cal Ge1h4]} Ne5 31. Bxe5 dxe5 32. f6 Qc8 (32... Bc7 $5) 33. Qh4
e4 34. Kg2 Bd7 $6 (34... Bb5 $142 {[%cal Gb5d3]} 35. Nxb5 (35. Rh1 Qf5 36. Nxe4
Bc4 $1) 35... Rxb5 36. g6 $5 hxg6 37. Qg5 Bxf6 $1 38. Rxf6 Rxf6 39. Qxf6 Qg4+)
35. Nxe4 Nxe4 36. Bxe4 {[%cal Rg5g6,Rf1h1]} Qc5 37. Rh1 $4 $138 {[%mdl 8192]} (
37. Rf3 $1 {[%cal Rb1h1]} Qb5 (37... Rb5 38. g6 $5 (38. b4 Qf8 (38... axb3 39.
Rh1) 39. Rh1 h6 40. Qxh6 Qxh6 41. Rxh6 $18) 38... hxg6 39. Bxg6 Bf5 $1 40. Bxf5
Bxf6 41. Qg4+ Kf8 42. Bg6 $18) (37... Qf8 38. Rh1) 38. Kh1 $1 $18 {[%cal Rb1g1]
} (38. g6 hxg6 39. Bxg6 Qe2+ 40. Rf2 Qg4+ 41. Qxg4 Bxg4 42. Bxf7+ Kxf7)) (37.
Rbd1 $5) 37... Bf5 $1 38. Rbd1 $1 (38. Bxf5 Qxd5+ 39. Be4 Qxg5+ 40. Qxg5+ Rxg5+
41. Kf3 Bxf6 {[%csl Rf3]}) 38... Bxe4+ 39. Qxe4 {[%cal Gg5g6]} Qb5 (39... Bb6
40. Qf5 $132) 40. Rd2 $1 (40. g6 Rxf6 (40... Qxb2+ 41. Kh3 Qxa3+ 42. Rd3 Qxd3+
43. Qxd3 Rxf6 44. gxh7+ Kh8 45. Re1 $18) 41. gxh7+ Kh8) 40... Qd7 (40... Ra6 $5
41. Rh4 $1 (41. g6 Rfxf6 42. gxh7+ Kh8 43. Qe5 Rad6 44. Re2 Be7 $1) (41. Rh6
Rd6 $1 (41... Bxf6 42. gxf6 Raxf6 43. Rxf6 Rxf6 44. Re2 $11)) 41... Qd7 (41...
Bxf6 42. gxf6 Raxf6 43. Rg4+) 42. Re2 Bxf6 (42... Rd6 $2 43. g6 $18) 43. Qe8+
Qxe8 44. Rxe8+ Kg7 45. gxf6+ Raxf6 46. Rg4+ $11) 41. g6 $1 Rxf6 42. Rxh7 Qd6 $1
(42... Qf5 43. Rh8+ Kg7 44. Qxf5 Rxf5 45. Rxd8 $16) 43. Rh8+ $1 Kg7 $1 (43...
Kxh8 44. Qh4+ Kg7 45. Qh7+) 44. Rh7+ Kg8 45. Rh8+ 1/2-1/2